Music Quiz

Random Music or Artist Quiz
Score 0/20 Timer 05:00
0 Plays Today
% Correct
ABBA
92.5%
Whitney Houston
84.8%
Elton John
81.1%
Irene Cara
74.8%
Bruce Springsteen
74.6%
David Bowie
73.5%
Men Without Hats
73.5%
C+C Music Factory
72.7%
Tina Turner
70%
Lionel Richie
68.5%
% Correct
Lady Gaga
61.8%
Tom Petty and the Heartbreakers
57.5%
Van Morrison
57%
Lee Ann Womack
54.7%
Generation X (Billy Idol)
54.6%
Sly and the Family Stone
53.9%
Genesis
53.3%
Fall Out Boy
43.6%
Jackson 5
41.9%
John Mayer
30.9%
Remove Ads.
Support Sporcle.
Get the best of Sporcle when you Go Orange. This ad-free experience offers more features, more stats, and more fun while also helping to support Sporcle. Thank you for becoming a member.

You're not logged in!

Compare scores with friends on all Sporcle quizzes.
OR
Log In

Show Comments

Extras

Top Quizzes Today


Score Distribution

Your Account Isn't Verified!

In order to create a playlist on Sporcle, you need to verify the email address you used during registration. Go to your Sporcle Settings to finish the process.

Report this User

Report this user for behavior that violates our Community Guidelines.

Details: